Las etapas del pensamiento sociológico
Uloženo v:
| Hlavní autor: | |
|---|---|
| Médium: | Kniha |
| Jazyk: | španělština |
| Vydáno: |
Buenos Aires
Siglo Veinte
1985
|
| Témata: | |
| Tagy: |
Přidat tag
Žádné tagy, Buďte první, kdo vytvoří štítek k tomuto záznamu!
|
MARC
| LEADER | 00000nam a2200000 a 4500 | ||
|---|---|---|---|
| 001 | UCR6502 | ||
| 003 | CL-VaPUC | ||
| 005 | 20241212091158.0 | ||
| 008 | 980423e19850000AG |||||||||||||||||spa|d | ||
| 999 | |c 268585 |d 268583 | ||
| 040 | |c Pontificia Universidad Católica de Valparaíso | ||
| 082 | 0 | 4 | |a 301 |b ARO |2 21 |
| 100 | 0 | |a Aron, Raymond |e author |9 407584 | |
| 245 | 1 | 4 | |a Las etapas del pensamiento sociológico |
| 260 | |a Buenos Aires |b Siglo Veinte |c 1985 | ||
| 300 | |a v | ||
| 500 | |a v.1: Montesquieu, Comte, Marx, Tocqueville | ||
| 500 | |a v.2: Durkheim - Pareto - Weber | ||
| 583 | |a last modification |c 19980423 00:00:00 |k Rodrigo Vera | ||
| 600 | 0 | 7 | |a Montesquieu, Charles Louis de Secondat, Barón de, |d 1689-1755 |9 867047 |
| 600 | 0 | |a Comte, Auguste |9 334591 | |
| 600 | 0 | 7 | |a TOCQUEVILLE, ALEXIS DE |2 CL-VaPUC |9 315351 |
| 600 | 0 | 7 | |a DURKHEIM, EMILE |2 CL-VaPUC |9 314700 |
| 600 | 0 | 7 | |a Pareto, Vilfredo |d 1848-1923 |9 880490 |
| 600 | 0 | 7 | |a WEBER, MAX |2 CL-VaPUC |9 314708 |
| 600 | 0 | |a Marx, Karl Heinrich, |d 1818-1883 |9 861123 | |
| 650 | 0 | |a Sociología |9 255410 | |
| 650 | 0 | |a Historia |9 255047 | |
| 650 | 7 | |a FILOSOFIA POLITICA |2 CL-VaPUC |9 407585 | |
| 650 | 0 | |a Naturaleza humana |9 308593 | |
| 650 | 0 | |a Socialismo |9 255260 | |
| 650 | 0 | |a Comunismo |9 255588 | |
| 650 | 0 | |a Ideologías |9 255200 | |
| 650 | 0 | |a Doctrinas políticas |9 255835 | |
| 942 | |c BK |2 ddc | ||
| 945 | |d 19980423 00:00:00 |a lriquelm | ||
| 952 | |0 0 |1 0 |4 0 |6 301_000000000000000_ARO_1985 |7 0 |8 A |9 301792 |a BIBENE |b BIBENE |d 2019-11-20 |h v.1 |i 1996231 |o 301 ARO 1985 |p 1996231 |r 2025-01-15 |w 2019-11-20 |y BK |k ICO | ||